000 00807nam a22001817a 4500
003 UA-OsUOA
001 9391
007 ta
008 20041102b un ||||| |||| 00| 0 ukr d
100 _aІсаєва Т.
942 _cSA
040 _aUA-OsUOA
_cUA-OsUOA
_dUA-OsUOA
245 _aВ Україні серед кращих , а в Європі не останні
_b[Про Всеукр. нараду з питань орг. та проведення заходів із профіклактики особливо небезпечних інфекцій, що проходила на базі санаторію "Червона калина"]
300 _aС.2
955 _a0
773 0 _w0
_tВісті Рівненщини
_dРівне
_d2004
_g№100/27 жовт./
650 7 _aНарада
_2UDC
999 _c295552
_d295552